Veterinaria forense : medicina legal y toxicología / Pedro Martínez Baselga medicina legal y toxicología / Pedro Martínez Baselga
Descripción Física:
195 p. : il. ; 20 cm
MARC
| LEADER | 00000nam a2200000Ia 4500 | ||
|---|---|---|---|
| 001 | 14467 | ||
| 008 | 160829s1922 xx 000 0 cat d | ||
| 080 | |a C-2-273 | ||
| 100 | |a Martínez Baselga, Pedro |9 25053 | ||
| 245 | |a Veterinaria forense : |b medicina legal y toxicología / Pedro Martínez Baselga | ||
| 260 | |a Madrid : |b Calpe, |c 1922 | ||
| 300 | |a 195 p. : |b il. ; |c 20 cm | ||
| 490 | |a Biblioteca agrícola española. Serie XI. Zootecnia y veterinaria ; 6 | ||
| 590 | |a Índex | ||
| 650 | |a Veterinària |9 25054 | ||
| 650 | |a Toxicologia veterinària |9 25055 | ||
| 650 | |a Autòpsia |9 25056 | ||
| 901 | |a Arxiu | ||
| 942 | |n 1 | ||
| 952 | |0 0 |1 0 |4 0 |6 C2273 |7 1 |9 43427 |a Arxiu |b Arxiu |d 2016-12-01 |l 0 |o C-2-273 |p 14467 |r 2016-12-01 00:00:00 |w 2016-12-01 |y ARXIU | ||
| 999 | |c 45973 |d 45973 | ||